| 000 | 00363nam a2200145Ia 4500 | ||
|---|---|---|---|
| 008 | 220214s9999 xx 000 0 und d | ||
| 022 | _a0254-8801 | ||
| 245 | 0 | _aAgrindex | |
| 260 |
_bFAO _aRome |
||
| 310 | _aM | ||
| 500 | _aEnding Volume & Year: 15, 1990 | ||
| 500 | _aMissing Volume: 2-12;15;13(2) | ||
| 500 | _aStarting Volume & Year: 1, 1975 | ||
| 942 | _cBJ | ||
| 999 |
_c16532 _d16532 |
||